000 00647nam a2200229Ia 4500
003 GCL
008 140319s9999 xx 000 0 ara d
040 _aGCL /
_cGCL
082 0 4 _aق
_b327.62055
_bا ا
100 1 _aاسكندر لبيب
245 1 0 _aايران وعلاقتها بمصر /
_cاسكندر لبيب
260 _aالقاهرة :
_bدار الكتب المصرية
300 _a91 ص
490 _a
650 0 4 _aمصر
650 0 4 _aايران
650 0 4 _aالتاريخ
650 0 4 _aحكم التتار
650 0 4 _aحكم الاغريق
650 0 4 _aالعالم القديم - تاريخ
942 _2ddc
_cBK
999 _c58956
_d58956